Business research methods (Record no. 185059)

MARC details
000 -LEADER
fixed length control field 00416nam a2200169Ia 4500
005 - DATE AND TIME OF LATEST TRANSACTION
control field 20250415162335.0
008 - FIXED-LENGTH DATA ELEMENTS--GENERAL INFORMATION
fixed length control field 231217s9999 xx 000 0 und d
020 ## - INTERNATIONAL STANDARD BOOK NUMBER
International Standard Book Number 9788174468208
082 ## - DEWEY DECIMAL CLASSIFICATION NUMBER
Classification number 001.42 MUR;1
100 ## - MAIN ENTRY--PERSONAL NAME
Personal name Murthy, S N. Bojanna, U
245 #0 - TITLE STATEMENT
Title Business research methods
250 ## - EDITION STATEMENT
Edition statement 3rd ed.
260 ## - PUBLICATION, DISTRIBUTION, ETC. (IMPRINT)
Date of publication, distribution, etc. 2010
Name of publisher, distributor, etc. Ecel books
Place of publication, distribution, etc. New delhi
300 ## - PHYSICAL DESCRIPTION
Extent x, 512
650 ## - SUBJECT ADDED ENTRY--TOPICAL TERM
Topical term or geographic name as entry element Business
942 ## - ADDED ENTRY ELEMENTS (KOHA)
Koha item type Books
Holdings
Date last seen Total Checkouts Full call number Accession number Old discount Uniform Resource Identifier Cost, replacement price Price effective from Category Lost status Damaged status Department Withdrawn status bill no. bill date Permanent Location Current Location Shelving location Entry date Vendor Cost, normal purchase price Grants Currency symbol Conversion rate Discount Discount type
26/01/2024   001.42 MUR;1 58428 25 digital/contents/58430.pdf 255.00 26/01/2024 Books     Central Library   BANG/2009/CRB/2004 04/02/2014 Central Library Central Library Central Library 26/02/2010 Intact Book House Pvt Ltd 340.00 MBA RS 1 85 Rupees
26/01/2024   001.42 MUR;2 58429 25 digital/contents/58430.pdf 255.00 26/01/2024 Books     MBA   BANG/2009/CRB/2004 04/02/2014 Central Library Central Library MBA 26/02/2010 Intact Book House Pvt Ltd 340.00 MBA RS 1 85 Rupees
26/01/2024   001.42 MUR;3 R 58430 25 digital/contents/58430.pdf 255.00 26/01/2024 Books     Central Library   BANG/2009/CRB/2004 22/07/2014 Central Library Central Library Central Library 26/02/2010 Intact Book House Pvt Ltd 340.00 MBA RS 1 85 Rupees
26/01/2024   001.42 MUR;4 R1 58431 25 digital/contents/58430.pdf 255.00 26/01/2024 Books     Central Library   BANG/2009/CRB/2004 04/02/2014 Central Library Central Library Central Library 26/02/2010 Intact Book House Pvt Ltd 340.00 MBA RS 1 85 Rupees
26/01/2024   001.42 MUR;5 58432 25 digital/contents/58430.pdf 255.00 26/01/2024 Books     Central Library   BANG/2009/CRB/2004 04/02/2014 Central Library Central Library Central Library 26/02/2010 Intact Book House Pvt Ltd 340.00 MBA RS 1 85 Rupees

© For any Suggestions or Query, please contact the library staff @ librarian@pes.edu or Phone: +9180 2672 1983/ 2108.